| 000 | 00489nam a2200193Ia 4500 | ||
|---|---|---|---|
| 005 | 20240823024030.0 | ||
| 008 | 240823s9999||||xx |||||||||||||| ||und|| | ||
| 020 | _a978-81-8147-515-2 | ||
| 041 | _aENGLISH | ||
| 082 | _A623.87236 P9 | ||
| 100 | _a"Woodyard,Doug Ed." | ||
| 245 | 0 | _aPounder s Marine Diesel Engines and Gas Turbines | |
| 250 | _a8th | ||
| 260 |
_c2009 _bEls _aJapan |
||
| 500 | _aTRANSFERED | ||
| 650 |
_aMarine engineering _bMarine |
||
| 942 | _cBK | ||
| 999 |
_c182960 _d182960 |
||